En viaje; (1881-1882) /

Guardado en:
Autor Principal: Cané, Miguel
Formato: Libro
Publicado: Buenos Aires : L.j. Rosso, 1928
Etiquetas: Agregar Etiqueta
Sin Etiquetas, Sea el primero en etiquetar este registro!
LEADER 00410nam a22001455a 4500
001 CEM.cems001401
005 20060214000000.0
008 130507s1928##################000#0#####d
003 CEMS
082 0 4 |a A868.2 
100 1 |a Cané, Miguel 
245 1 0 |a En viaje; (1881-1882) /  |c Miguel Cané 
260 |a Buenos Aires :  |b L.j. Rosso,  |c 1928 
300 |a 333 p.1 
859 |a CEMS  |b BIB. CEMS - 11 de abril  |h A868.2  |i C162-2  |p 9414.81  |t Ej.1